Applied Microbiology & Infection Control Including Safety (Record no. 1745)
[ view plain ]
| 000 -LEADER | |
|---|---|
| Fixed length control field | 00572nam a22002057a 4500 |
| 003 - CONTROL NUMBER IDENTIFIER | |
| Control field | IIN |
| 005 - DATE AND TIME OF LATEST TRANSACTION | |
| Control field | 20250411125318.0 |
| 008 - FIXED-LENGTH DATA ELEMENTS--GENERAL INFORMATION | |
| Fixed length control field | 250411b |||ad||| |||| 001 0 eng d |
| 020 ## - INTERNATIONAL STANDARD BOOK NUMBER / ISBN | |
| International Standard Book Number | 9789392242274 |
| Price | 750.00 |
| 040 ## - CATALOGING SOURCE | |
| Original cataloging agency | IIN |
| 082 ## - DEWEY DECIMAL CLASSIFICATION NUMBER | |
| Classification number | 616.9042 |
| Book Number | GUP |
| 100 ## - MAIN ENTRY--PERSONAL NAME | |
| Personal name | Gupta, Pooja |
| 245 ## - TITLE STATEMENT | |
| Title | Applied Microbiology & Infection Control Including Safety |
| Sub title | for BSc. Nursing Students |
| Statement of responsibility | Pooja Gupta |
| 260 ## - IMPRINT | |
| Place of publication | Punjab |
| Name of publisher | VHS |
| Date of publication | 2023 |
| 300 ## - PHYSICAL DESCRIPTION | |
| Page / Vol. No | viii, 552 p. |
| Other physical details | col. ill. |
| 500 ## - GENERAL NOTE | |
| General note | Including Index |
| 650 ## - SUBJECT ADDED ENTRY--TOPICAL TERM | |
| Topical term | Microbiology |
| 650 ## - SUBJECT ADDED ENTRY--TOPICAL TERM | |
| Topical term | Infection Control |
| 942 ## - ADDED ENTRY ELEMENTS (KOHA) | |
| Koha item type | Books |
| Withdrawn status | Lost status | Source of classification | Damaged status | Not for loan | Collection code | Home library | Current library | Shelving location | Date acquired | Price | Total Checkouts | Call number | Accession number | Date last seen | Price effective from | Koha item type |
|---|---|---|---|---|---|---|---|---|---|---|---|---|---|---|---|---|
| Dewey Decimal Classification | Purches Book | IDEAL INSTITUTE OF NURSING | IDEAL INSTITUTE OF NURSING | General Stacks | 11/03/2025 | 750.00 | 616.9042 GUP | 1881 | 11/04/2025 | 11/04/2025 | Books |
